[Event "Florianopolis Regional STD op"]
[Site "Florianopolis"]
[Date "2018.10.12"]
[Round "1"]
[White "Bischoff, Rafael Stumpf"]
[Black "Pimenta, Elisandro da Silva"]
[Result "0-1"]
[WhiteElo "1800"]
[BlackElo "1857"]
[PlyCount "54"]
[EventDate "2018.10.12"]
[EventType "swiss"]
[EventRounds "6"]
[EventCountry "BRA"]
[SourceTitle "CBM 186 Extra"]
[Source "ChessBase"]
[SourceDate "2018.08.24"]
[SourceVersion "1"]
[SourceVersionDate "2018.08.24"]
[SourceQuality "1"]

1. e4 c5 2. Nc3 g6 3. Nf3 Bg7 4. Bc4 Nc6 5. Ng5 e6 6. d3 h6 7. Nf3 Nge7 8. Nb5 d5 9. exd5 exd5 10. Bb3 Qa5+ 11. Nc3 d4 12. Nxd4 cxd4 13. Qf3 0-0 14. Bd2 dxc3 15. Bxc3 Bxc3+ 16. bxc3 Qxc3+ 17. Kf1 Nd4 18. Qd1 Nef5 19. f3 Ne3+ 20. Kf2 Nxd1+ 21. Raxd1 Re8 22. Rde1 Bf5 23. Bd5 Qxc2+ 24. Kg3 Ne2+ 25. Rxe2 Rxe2 26. Bxb7 Rxg2+ 27. Kh4 Qf2# 0-1